000 01252nam a22003254u 4500
001 197836
003 ES-MaACL
005 20251023063026.0
008 250924s2024 sp a |||||| 000 0 spa|
017 _aM 5957-2025
_bOficina Depósito Legal Madrid
020 _a9788412767360
040 _aES-MaACL
_bspa
_cES-MaACL
_erda
100 _aGoñi, José María
_9242282
_eaut
245 1 3 _aLa española de Montmartre /
_cJosé María Goñi
250 _aPrimera edición: marzo 2025
264 _a[Madrid] :
_bBookman,
_c2025
300 _a325 páginas, [8] hojas :
_bilustraciones ;
_c23 cm
336 _atexto
_2rdacontent
337 _asin mediación
_2rdamedia
338 _avolumen
_2rdacarrier
490 1 _aNovelas
500 _aEjemplar dedicado y firmado por el autor
650 4 _9242410
_aArte y sociedad
_zFrancia
_yS.XX
655 7 _2tgfbne
_9226782
_aNovelas históricas
852 _aES-MaACL
_cDEPO1
_jA-15793
_gDedicatoria autógrafa del autor
_hDonación: José María Goñi
_xEncuadernación rústica
_9206840
942 _cMONOGRAFIA
_n0
999 _c197836
_d197836